000 00434nam a2200181Ia 4500
001 10570
005 20260306161842.0
008 260306t2014||||xx |||||||||||||| ||spa||
041 _aESP
082 _a940.3
_bL88
100 _aLópez Vega, Antonio
_eAUT
245 0 _a1914. El año que cambio la historia
260 _c2014
300 _a239 páginas :
_c24 cm.
650 _aGEN
654 _aCHU
942 _cLIB
_dJUS
_fJUS
_2ddc
_n
999 _c10570
_d10570